Normal view
MARC view
- Quran interpretation
Entry Topical Term
001 - CONTROL NUMBER
- control field: 7215
003 - CONTROL NUMBER IDENTIFIER
- control field: NUST
005 - DATE AND TIME OF LATEST TRANSACTION
- control field: 20171213114024.0
008 - FIXED-LENGTH DATA ELEMENTS
- fixed length control field: 171213|| aca||aabn | a|a d
040 ## - CATALOGING SOURCE
- Original cataloging agency: NUST
- Transcribing agency: NUST
150 ## - HEADING--TOPICAL TERM
- Topical term or geographic name entry element: Quran interpretation
670 ## - SOURCE DATA FOUND
- Source citation: Work cat.: (NUST): Bukā’ie, Morīs 7214, Bā’ībal, Qur’ān, Sā’ins /, 1981
